S Club 7 songs - Statistics

General Stats
  • This quiz has been taken 393 times
  • The average score is 13 of 55
Answer Stats
Answer % Correct
Reach
87%
Don't Stop Movin'
71%
Don't Stop Movin (Jewels & Stone Radio Mix)
71%
S Club Party
71%
Bring It All Back
66%
Never Had a Dream Come True
61%
You
56%
Natural
46%
Two in a Million
44%
Have You Ever
42%
Sunshine
39%
You're My Number One
33%
Alive
29%
Alive (Almighty Mix)
29%
Bring the House Down
28%
Love Train
28%
Viva La Fiesta
25%
I Really Miss You
23%
Dance
22%
Show Me Your Colours
22%
Everybody Wants Ya
19%
I'll Keep Waiting
17%
Love Ain't Gonna Wait For You
17%
Cross My Heart
16%
Dance, Dance, Dance
16%
Friday Night
16%
Stand By You
16%
Stronger
16%
Best Friend
15%
Gonna Change the World
15%
Good Times
14%
Hey Kitty Kitty
14%
Summertime Feeling
14%
The Colour of Blue
14%
I'll Be There
13%
Boy Like You
12%
All in Love is Fair
11%
Hope for the Future
11%
It's a Feel Good Thing
10%
Gangsta Love
9%
It's Alright
9%
Lately
9%
Spiritual Love
9%
Who Do You Think You Are?
9%
I Will Find You
8%
Let Me Sleep
8%
Right Guy
8%
Do It Til We Drop
7%
Straight From The Heart
6%
In Too Deep
5%
Bittersweet
4%
Secret Love
4%
Whole Lotta Nothin'
4%
Every Kinda People
3%
The Greatest
3%
No matching quizzes found
Score Distribution
Percent of People with Each Score
Percentile by Number Answered
Your Score History
You have not taken this quiz